UBT Library

Functional programming : (Record no. 39826)

000 -LEADER
fixed length control field 00635cam a2200229 a 4500
001 - CONTROL NUMBER
control field 516042
005 - DATE AND TIME OF LATEST TRANSACTION
control field 20180109033811.0
008 - FIXED-LENGTH DATA ELEMENTS--GENERAL INFORMATION
fixed length control field 860512s1987 enka b 001 0 eng
010 ## - LIBRARY OF CONGRESS CONTROL NUMBER
LC control number 86010528
020 ## - INTERNATIONAL STANDARD BOOK NUMBER
International Standard Book Number 0853129738 :
Terms of availability £16.50
020 ## - INTERNATIONAL STANDARD BOOK NUMBER
International Standard Book Number 0470203919 (Halsted Press)
040 ## - CATALOGING SOURCE
Original cataloging agency DLC
Transcribing agency DLC
Modifying agency DLC
041 ## - LANGUAGE CODE
Language code of text/sound track or separate title eng
080 ## - UNIVERSAL DECIMAL CLASSIFICATION NUMBER
Universal Decimal Classification number 005 EIS
082 00 - DEWEY DECIMAL CLASSIFICATION NUMBER
Classification number 005 EIS
Edition number 19
100 ## - Rafti
Rafti 41
101 ## - Shkurtesa
Shkurtesa ARK
245 00 - TITLE STATEMENT
Title Functional programming :
Statement of responsibility, etc editor, S. Eisenbach.
504 ## - BIBLIOGRAPHY, ETC. NOTE
Bibliography, etc Bibliography: p. [170]-172.
906 ## - LOCAL DATA ELEMENT F, LDF (RLIN)
a 7
b cbc
c orignew
d 1
e ocip
f 19
g y-gencatlg
942 ## - ADDED ENTRY ELEMENTS (KOHA)
Source of classification or shelving scheme
Item type Books
Holdings
Withdrawn status Lost status Source of classification or shelving scheme Damaged status Not for loan Collection code Permanent location Current location Shelving location Date acquired Total Checkouts Full call number Barcode Date last seen Price effective from Koha item type
          Koleksioni i përgjithshem UBT - Lipjan UBT - Lipjan Koleksioni i përgjithshem 01/09/2018   005 EIS 002-2994322 01/09/2018 01/09/2018 Books
UBT Library © 2015-2024. All rights reserved University Education for Business and Technology